ARRUPE JESUIT UNIVERSITY

CORONAVIRUS -STOP THE SPREAD - CLEAN,DISINFECT,COVER

The mission of the church in Africa (Record no. 126153)

MARC details
000 -LEADER
fixed length control field 00515nam a22001337a 4500
008 - FIXED-LENGTH DATA ELEMENTS--GENERAL INFORMATION
fixed length control field 170216b xxu||||| |||| 00| 0 eng d
050 ## - LIBRARY OF CONGRESS CALL NUMBER
Classification number BX1675.S246
100 ## - MAIN ENTRY--PERSONAL NAME
Personal name Sarpong, Peter
9 (RLIN) 23124
245 ## - TITLE STATEMENT
Title The mission of the church in Africa
Remainder of title A theological reflection by Bishop Peter Sarpong from assistance to liberation by Jean-Marc Ela
Statement of responsibility, etc Peter Sarpong and Jean-Marc Ela
260 ## - PUBLICATION, DISTRIBUTION, ETC. (IMPRINT)
Place of publication, distribution, etc Paris
Name of publisher, distributor, etc The International Team
Date of publication, distribution, etc 1980
300 ## - PHYSICAL DESCRIPTION
Extent 43p. ;
Dimensions 22cm.
650 ## - SUBJECT ADDED ENTRY--TOPICAL TERM
Topical term or geographic name as entry element Africa
General subdivision Christianity
9 (RLIN) 26693
700 ## - ADDED ENTRY--PERSONAL NAME
Personal name Ela, Jean Marc
9 (RLIN) 27849
942 ## - ADDED ENTRY ELEMENTS (KOHA)
Source of classification or shelving scheme Library of Congress Classification
Item type Monograph ( Printed materials)
Holdings
Withdrawn status Lost status Source of classification or shelving scheme Damaged status Not for loan Collection code Home library Current library Shelving location Date acquired Total Checkouts Full call number Barcode Date last seen Price effective from Koha item type
    Library of Congress Classification     Main Collection ARRUPE LIBRARY ARRUPE LIBRARY Main Collection 16/02/2017   BX1675.S246 46500025856 22/11/2017 16/02/2017 Monograph ( Printed materials)

 

Arrupe Library. PO Box MP320 Mt Pleasant, Harare, Zimbabwe
263 242 745411|librarian@aju.ac.zw